书目信息 |
| 题名: |
保护·传承·共融
|
|
| 作者: | 高长征 著 | |
| 分册: | ||
| 出版信息: | 北京 中国水利水电出版社 2015.11 |
|
| 页数: | 153页 | |
| 开本: | 24cm | |
| 丛书名: | ||
| 单 册: | ||
| 中图分类: | TU-87 | |
| 科图分类: | ||
| 主题词: | 古建筑--文物保护--研究--中国 | |
| 电子资源: | ||
| ISBN: | 978-7-5170-3339-4 | |
| 000 | 01041nam0 2200241 450 | |
| 001 | 0400002239 | |
| 005 | 20171025155515.89 | |
| 010 | @a978-7-5170-3339-4@dCNY36.00 | |
| 100 | @a20160109e2015 em y0chiy50 ea | |
| 101 | 0 | @achi |
| 102 | @aCN@b110000 | |
| 105 | @aa z 000yy | |
| 106 | @ar | |
| 200 | 1 | @a保护·传承·共融@9bao hu · chuan cheng · gong rong@e历史城区内建筑更新设计方法研究@f高长征著 |
| 210 | @a北京@c中国水利水电出版社@d2015.11 | |
| 215 | @a153页@c图@d24cm | |
| 330 | @a本书从历史城区内建筑的更新设计入手,分析了历史城区、历史地段、历史文化街区等相关概念,然后分析了历史城区内建筑现状及特点综述、历史城区及建筑的保护更新理论、历史城区内建筑保护更新的措施和方法等,最后以河南浚县为例,对历史城区内的建筑保护与更新进行了实际分析。 | |
| 517 | 1 | @a历史城区内建筑更新设计方法研究@9li shi cheng qu nei jian zhu geng xin she ji fang fa yan jiu |
| 606 | 0 | @a古建筑@x文物保护@x研究@y中国 |
| 690 | @aTU-87@v5 | |
| 701 | 0 | @a高长征@9gao chang zheng@4著 |
| 801 | 0 | @aCN@b91MARC@c20171020 |
| 905 | @b1026626-30@dTU-87@f5@e155 | |
| 保护·传承·共融:历史城区内建筑更新设计方法研究/高长征著.-北京:中国水利水电出版社,2015.11 |
| 153页:图;24cm |
| ISBN 978-7-5170-3339-4:CNY36.00 |
| 本书从历史城区内建筑的更新设计入手,分析了历史城区、历史地段、历史文化街区等相关概念,然后分析了历史城区内建筑现状及特点综述、历史城区及建筑的保护更新理论、历史城区内建筑保护更新的措施和方法等,最后以河南浚县为例,对历史城区内的建筑保护与更新进行了实际分析。 |
| ● |
| 相关链接 |
|
|
|
|
正题名:保护·传承·共融
索取号:TU-87/155
 
预约/预借
| 序号 | 登录号 | 条形码 | 馆藏地/架位号 | 状态 | 备注 |
| 1 | 1026626 | 210266264 | 第二样本阅览室/ [索取号:TU-87/155] | 在馆 | |
| 2 | 1026627 | 210266273 | 密集书库-生命科学系/ [索取号:TU-87/155] | 在馆 | |
| 3 | 1026628 | 210266282 | 第三借阅区/ [索取号:TU-87/155] | 在馆 | |
| 4 | 1026629 | 210266291 | 第三借阅区/ [索取号:TU-87/155] | 在馆 | |
| 5 | 1026630 | 210266308 | 第三借阅区/ [索取号:TU-87/155] | 在馆 |